<?xml version="1.0" encoding="UTF-8"?>
<record
    xmlns:xsi="http://www.w3.org/2001/XMLSchema-instance"
    xsi:schemaLocation="http://www.loc.gov/MARC21/slim http://www.loc.gov/standards/marcxml/schema/MARC21slim.xsd"
    xmlns="http://www.loc.gov/MARC21/slim">

  <leader>01172nam a22002657a 4500</leader>
  <datafield tag="999" ind1=" " ind2=" ">
    <subfield code="c">64671</subfield>
    <subfield code="d">64671</subfield>
  </datafield>
  <controlfield tag="005">20181117152837.0</controlfield>
  <datafield tag="010" ind1=" " ind2=" ">
    <subfield code="a">  B-179622</subfield>
  </datafield>
  <datafield tag="020" ind1=" " ind2=" ">
    <subfield code="a">8189314963</subfield>
    <subfield code="c">160.00</subfield>
  </datafield>
  <datafield tag="035" ind1=" " ind2=" ">
    <subfield code="a">B-179597,B-179622</subfield>
  </datafield>
  <datafield tag="035" ind1=" " ind2=" ">
    <subfield code="a">B-179618</subfield>
  </datafield>
  <datafield tag="037" ind1=" " ind2=" ">
    <subfield code="b"> PUB</subfield>
  </datafield>
  <datafield tag="082" ind1=" " ind2=" ">
    <subfield code="a">338.04</subfield>
  </datafield>
  <datafield tag="245" ind1=" " ind2=" ">
    <subfield code="a">&#x909;&#x926;&#x94D;&#x92F;&#x92E;&#x93F;&#x924;&#x93E; &#x915;&#x947; &#x92E;&#x942;&#x932; &#x906;&#x927;&#x93E;&#x930; /</subfield>
    <subfield code="c">&#x90F;&#x91A;.&#x915;&#x947;.&#x930;&#x93E;&#x92E;&#x91A;&#x928;&#x94D;&#x926;&#x93E;&#x928;&#x940;; &#x915;&#x947;.&#x938;&#x940;.&#x936;&#x930;&#x94D;&#x92E;&#x93E;; &#x915;&#x947;.&#x90F;&#x938;.&#x92A;&#x93E;&#x930;&#x940;&#x915; &#x90F;&#x935;&#x902; &#x938;&#x94D;&#x928;&#x947;&#x939; &#x938;&#x915;&#x94D;&#x938;&#x947;&#x928;&#x93E;</subfield>
  </datafield>
  <datafield tag="260" ind1=" " ind2=" ">
    <subfield code="a">&#x91C;&#x92F;&#x92A;&#x941;&#x930;</subfield>
    <subfield code="b">&#x905;&#x91C;&#x92E;&#x947;&#x930;&#x93E; &#x92C;&#x941;&#x915; &#x915;&#x92E;&#x94D;&#x92A;&#x928;&#x940;</subfield>
    <subfield code="c">2006</subfield>
  </datafield>
  <datafield tag="270" ind1=" " ind2=" ">
    <subfield code="a">&#x905;&#x91C;&#x92E;&#x947;&#x930;&#x93E; &#x92C;&#x941;&#x915;</subfield>
    <subfield code="b">&#x91C;&#x92F;&#x92A;&#x941;&#x930;</subfield>
    <subfield code="e">302002</subfield>
  </datafield>
  <datafield tag="300" ind1=" " ind2=" ">
    <subfield code="a">526&#x92A;&#x943;</subfield>
    <subfield code="c">22&#x938;&#x947;&#x92E;&#x940; (&#x938;&#x91C;&#x93F;&#x932;&#x94D;&#x926;)</subfield>
  </datafield>
  <datafield tag="650" ind1=" " ind2=" ">
    <subfield code="a">&#x909;&#x926;&#x94D;&#x92F;&#x92E;&#x93F;&#x924;&#x93E;</subfield>
    <subfield code="x">&#x92D;&#x93E;&#x930;&#x924;</subfield>
  </datafield>
  <datafield tag="700" ind1=" " ind2=" ">
    <subfield code="a">&#x930;&#x93E;&#x92E;&#x91A;&#x928;&#x94D;&#x926;&#x93E;&#x928;&#x940;, &#x90F;&#x91A;.&#x915;&#x947;.</subfield>
    <subfield code="9">44733</subfield>
  </datafield>
  <datafield tag="700" ind1=" " ind2=" ">
    <subfield code="a">&#x936;&#x930;&#x94D;&#x92E;&#x93E;, &#x915;&#x947;.&#x938;&#x940;.</subfield>
    <subfield code="9">44734</subfield>
  </datafield>
  <datafield tag="700" ind1=" " ind2=" ">
    <subfield code="a">&#x92A;&#x93E;&#x930;&#x940;&#x915;, &#x915;&#x947;.&#x90F;&#x938;.</subfield>
    <subfield code="9">44735</subfield>
  </datafield>
  <datafield tag="700" ind1=" " ind2=" ">
    <subfield code="a">&#x938;&#x915;&#x94D;&#x938;&#x947;&#x928;&#x93E;, &#x938;&#x94D;&#x928;&#x947;&#x939;</subfield>
    <subfield code="9">44736</subfield>
  </datafield>
  <datafield tag="700" ind1=" " ind2=" ">
    <subfield code="a">&#x92E;&#x947;&#x928;&#x928;, &#x938;&#x941;&#x92D;&#x926;&#x94D;&#x930;&#x93E;</subfield>
    <subfield code="9">44737</subfield>
  </datafield>
  <datafield tag="942" ind1=" " ind2=" ">
    <subfield code="2">ddc</subfield>
    <subfield code="c">HN</subfield>
    <subfield code="h">338.04</subfield>
    <subfield code="m">&#x909;&#x926;&#x94D;&#x92F;&#x92E;&#x93F;</subfield>
  </datafield>
  <datafield tag="952" ind1=" " ind2=" ">
    <subfield code="0">0</subfield>
    <subfield code="1">0</subfield>
    <subfield code="2">ddc</subfield>
    <subfield code="4">0</subfield>
    <subfield code="7">0</subfield>
    <subfield code="8">NFIC</subfield>
    <subfield code="a">ZLS</subfield>
    <subfield code="b">ZLS</subfield>
    <subfield code="d">2012-04-04</subfield>
    <subfield code="g">160.00</subfield>
    <subfield code="l">0</subfield>
    <subfield code="o">338.04 &#x909;&#x926;&#x94D;&#x92F;&#x92E;&#x93F;</subfield>
    <subfield code="p">B-179597</subfield>
    <subfield code="r">2012-04-04 00:00:00</subfield>
    <subfield code="v">160.00</subfield>
    <subfield code="w">2012-04-04</subfield>
    <subfield code="y">HN</subfield>
  </datafield>
  <datafield tag="952" ind1=" " ind2=" ">
    <subfield code="0">0</subfield>
    <subfield code="1">0</subfield>
    <subfield code="2">ddc</subfield>
    <subfield code="4">0</subfield>
    <subfield code="7">0</subfield>
    <subfield code="8">NFIC</subfield>
    <subfield code="a">ZLS</subfield>
    <subfield code="b">ZLS</subfield>
    <subfield code="d">2012-04-04</subfield>
    <subfield code="g">160.00</subfield>
    <subfield code="l">0</subfield>
    <subfield code="o">338.04 &#x909;&#x926;&#x94D;&#x92F;&#x92E;&#x93F;</subfield>
    <subfield code="p">B-179618</subfield>
    <subfield code="r">2012-04-04 00:00:00</subfield>
    <subfield code="v">160.00</subfield>
    <subfield code="w">2012-04-04</subfield>
    <subfield code="y">HN</subfield>
  </datafield>
  <datafield tag="952" ind1=" " ind2=" ">
    <subfield code="0">0</subfield>
    <subfield code="1">0</subfield>
    <subfield code="4">0</subfield>
    <subfield code="7">0</subfield>
    <subfield code="8">NFIC</subfield>
    <subfield code="a">RC</subfield>
    <subfield code="b">RC</subfield>
    <subfield code="d">2018-11-17</subfield>
    <subfield code="g">160.00</subfield>
    <subfield code="l">0</subfield>
    <subfield code="o">338.04 &#x909;&#x926;&#x94D;&#x92F;&#x92E;&#x93F;</subfield>
    <subfield code="p">B-179622</subfield>
    <subfield code="r">2018-11-17 00:00:00</subfield>
    <subfield code="t">1.</subfield>
    <subfield code="v">160.00</subfield>
    <subfield code="w">2018-11-17</subfield>
    <subfield code="y">HN</subfield>
  </datafield>
</record>
